Body, cosmos and eternity : new research trends in the iconography and symbolism of ancient Egyptian coffins /
The studies presented in this volume display an excellent overview on the new trends of research on coffin studies, with diverse contributions concerned either with symbolism or social significance of coffins, museums' collections or archaeological finds. These studies superbly showcase the ric...
مؤلفون آخرون:
التنسيق: كتاب الكتروني
اللغة: English
منشور في:
Oxford :
Archaeopress,
[2014]
سلاسل:
Archaeopress Egyptology ;
3.
الموضوعات:
الوصول للمادة أونلاين: Login to view Source
الوسوم: إضافة وسم
رقم الطلب: DT62.T6
| LEADER | 01962nam a2200409 i 4500 | ||
|---|---|---|---|
| 001 | EDZ0001356044 | ||
| 003 | StDuBDS | ||
| 005 | 20230412181419.0 | ||
| 006 | m|||||o||d|||||||| | ||
| 007 | cr ||||||||||| | ||
| 008 | 160315t20142014enka fo 000|0|eng|d | ||
| 020 | |a 9781784910037 (PDF ebook) : |c £35.00 | ||
| 040 | |a StDuBDS |b eng |c StDuBDS |e rda |e pn | ||
| 050 | 4 | |a DT62.T6 | |
| 082 | 0 | 4 | |a 932.01 |2 23 |
| 245 | 0 | 0 | |a Body, cosmos and eternity : |b new research trends in the iconography and symbolism of ancient Egyptian coffins / |c edited by Rogério Sousa. |
| 264 | 1 | |a Oxford : |b Archaeopress, |c [2014] | |
| 264 | 4 | |c ©2014 | |
| 300 | |a 1 online resource : |b illustrations (black and white, and colour). | ||
| 336 | |a text |2 rdacontent | ||
| 336 | |a still image |2 rdacontent | ||
| 337 | |a computer |2 rdamedia | ||
| 338 | |a online resource |2 rdacarrier | ||
| 490 | 1 | |a Archaeopress Egyptology ; |v 3 | |
| 520 | 8 | |a The studies presented in this volume display an excellent overview on the new trends of research on coffin studies, with diverse contributions concerned either with symbolism or social significance of coffins, museums' collections or archaeological finds. These studies superbly showcase the richness of coffins as documental sources for the study of Egyptian religion, economy and society. | |
| 521 | |a Specialized. | ||
| 588 | |a Description based on online resource; title from home page (viewed on March 15, 2016). | ||
| 650 | 0 | |a Funeral rites and ceremonies, Ancient |z Egypt. | |
| 651 | 0 | |a Egypt |x Antiquities. | |
| 650 | 0 | |a Excavations (Archaeology) |z Egypt. | |
| 700 | 1 | |a Sousa, Rogério, |e editor. | |
| 776 | 0 | 8 | |i Print version : |z 9781784910020 |
| 830 | 0 | |a Archaeopress Egyptology ; |v 3. | |
| 856 | 4 | 0 | |3 Archaeopress |u http://library.arce.org:8087/Archaeopress/Products/9781784910020 |
| 942 | |2 lcc |c EBOOK | ||
| 952 | |0 0 |1 0 |4 0 |6 DT0062 T6 |7 1 |9 45995 |a ARCH |b ARCH |d 2023-04-12 |l 0 |o DT62.T6 |r 2023-04-12 00:00:00 |w 2023-04-12 |y EBOOK | ||
| 999 | |c 51653 |d 51653 | ||
